LDR 00801naa#a2200205#i#450# 001 EN\\bibl\126642 005 20260703165245.5 011 ## _a2587-6740 100 ## _a20260615b2026####ek#y0engy0150####ca 102 ## _aRU 200 1# _aCybersecurity in the Russian agro-industrial complex: tools, cases, incidents _eJournal article 210 1# _aMoscow _cElectronic science _d2026 215 ## _a3 с. 608 ## _aJournal article _2local 675 ## _aИнтеграция и кооперирование, централизация и специализация производства в сельском хозяйстве. 338.436 _z 700 #1 _aNazarov _gDmitry Mihaylovich 700 #1 _aGudoshnikova _gYulia Viktorovna 700 #1 _aSerbina _gNatalia Vital'evna 700 #1 _aProtas _gNina Gennad'evna 856 4# _aqje.su _u